000 00592nam a2200193 i 4500
001 27230
003 ES-MaACL
005 20240515063029.0
007 t|
008 030113s1944 ag ||||1| spa d
100 1 _aAyala, Francisco,
_d1906-2009
_924111
245 1 3 _aEl hechizado /
_cFrancisco Ayala.
260 _aBuenos Aires :
_bEmecé,
_c[1944] (
_fSebastián Amorrortu)
300 _a49 p. ;
_c19 cm.
490 1 _aCuadernos de la quimera ;
_v8
830 0 _aCuadernos de la quimera ;
_v8
_9181477
852 _aES-MaACL
_j1898-F-3
_bR.27223
999 _c27230
_d27230